000 00513nam a2200157 i 4500
001 61517
003 ES-MaACL
005 20230906164456.0
007 t|
008 031112s1971 sp ||||1| spa d
111 2 _aExposición Histórico Militar (
_d1971.
_cSevilla)
_9691
245 1 0 _aEsposición Histórico Militar
_b: Casa de Pilatos, mayo-junio de 1971.
260 _a[S.l. :
_bs.n.,
_c1971] (
_eSevilla :
_fGráf. Sur)
300 _a193 p., 34 lám. :
_bil. ;
_c25 cm.
852 _aES-MaACL
_jD-6781
_bR.79127
999 _c61517
_d61517